00586nam a2200157Ia 4500003000400000005001700004008004100021040001800062041000800080100005100088245010200139260003600241942001300277999001900290952011900309OSt20260123105117.0211028s2016 xx 000 0 und d cAIMIT LIBRARY aeng aPais, Jennifer, Achar, Sumitha.g141606497485 aStudy on the effect of employer branding in attracting candidates towards the BPO/ ITE industry / aMangalorebSumitha Acharec2016 2ddccPRO c219053d219053 00102ddc40718PR_MBAaAIMITbAIMITd2021-10-28eMBAl0pPRB01135r2021-10-28 00:00:00t1416063w2021-10-28yPRO